000
00328nam a22001337a 4500
008
180208b xxu||||| |||| 00| 0 eng d
020
_a
0887441025
041
_a
eng
080
_a
61
100
_a
3
101
_a
SHM
245
_a
Communication augmentation a casebook of clinical management
_c
Beukelman,D.R
942
_2
udc
_c
BK
999
_c
42109
_d
42109